000 01094cam a2200337 i 4500
001 18009930
005 20251006160513.0
008 140116t20152015maua b 001 0 eng
010 _a 2013045472
020 _a9780133805918
_qalk. paper
020 _a0133805913
_qalk. paper
035 _a18009930
040 _aDLC
_beng
_cDLC
_erda
_dDLC
042 _apcc
050 0 0 _aQA76.77
_b.S73 2015
082 0 0 _a005.43
_223
_bSTA
100 1 _aStallings, William.
245 1 0 _aOperating systems :
_binternals and design principles /
_cWilliam Stallings.
250 _aEighth Edition.
264 1 _aBoston :
_bPearson,
_c[2015]
264 4 _c©2015
300 _axxvii, 733 pages :
_billustrations ;
_c24 cm
336 _atext
_2rdacontent
337 _aunmediated
_2rdamedia
338 _avolume
_2rdacarrier
504 _aIncludes bibliographical references and index.
650 0 _aOperating systems (Computers)
906 _a7
_bcbc
_corignew
_d1
_eecip
_f20
_gy-gencatlg
942 _2ddc
_cBK
999 _c615074
_d615074